<?xml version="1.0" encoding="UTF-8"?>
<record
    xmlns:xsi="http://www.w3.org/2001/XMLSchema-instance"
    xsi:schemaLocation="http://www.loc.gov/MARC21/slim http://www.loc.gov/standards/marcxml/schema/MARC21slim.xsd"
    xmlns="http://www.loc.gov/MARC21/slim">

  <leader>05408cam a2200373 i 4500</leader>
  <controlfield tag="001">12481533</controlfield>
  <controlfield tag="003">EG-ScBUE</controlfield>
  <controlfield tag="005">20241208103827.0</controlfield>
  <controlfield tag="008">010725t2002    nyua   f b    001 0 eng d</controlfield>
  <datafield tag="020" ind1=" " ind2=" ">
    <subfield code="a">0387989676 (acidfree paper)</subfield>
  </datafield>
  <datafield tag="020" ind1=" " ind2=" ">
    <subfield code="a">9780387989679</subfield>
  </datafield>
  <datafield tag="040" ind1=" " ind2=" ">
    <subfield code="a">DLC</subfield>
    <subfield code="b">eng</subfield>
    <subfield code="e">rda</subfield>
    <subfield code="c">DLC</subfield>
    <subfield code="d">DLC</subfield>
    <subfield code="d">EG-ScBUE</subfield>
  </datafield>
  <datafield tag="082" ind1="0" ind2="4">
    <subfield code="a">519.53</subfield>
    <subfield code="2">22</subfield>
    <subfield code="b">ROS</subfield>
  </datafield>
  <datafield tag="100" ind1="1" ind2=" ">
    <subfield code="a">Rosenbaum, Paul R.,</subfield>
    <subfield code="e">author.</subfield>
    <subfield code="9">6157</subfield>
  </datafield>
  <datafield tag="245" ind1="1" ind2="0">
    <subfield code="a">Observational studies /</subfield>
    <subfield code="c">Paul R. Rosenbaum.</subfield>
  </datafield>
  <datafield tag="250" ind1=" " ind2=" ">
    <subfield code="a">Second edition.</subfield>
  </datafield>
  <datafield tag="264" ind1=" " ind2="1">
    <subfield code="a">New York :</subfield>
    <subfield code="b">Springer,</subfield>
    <subfield code="c">[2002]</subfield>
  </datafield>
  <datafield tag="264" ind1=" " ind2="4">
    <subfield code="c">c2002</subfield>
  </datafield>
  <datafield tag="300" ind1=" " ind2=" ">
    <subfield code="a">xiv, 375 pages :</subfield>
    <subfield code="b">illustrations ;</subfield>
    <subfield code="c">24 cm.</subfield>
  </datafield>
  <datafield tag="336" ind1=" " ind2=" ">
    <subfield code="2">rdacontent</subfield>
    <subfield code="a">text</subfield>
    <subfield code="b">txt</subfield>
  </datafield>
  <datafield tag="337" ind1=" " ind2=" ">
    <subfield code="a">unmediated</subfield>
    <subfield code="2">rdamedia</subfield>
    <subfield code="b">n</subfield>
  </datafield>
  <datafield tag="338" ind1=" " ind2=" ">
    <subfield code="a">volume</subfield>
    <subfield code="b">nc</subfield>
    <subfield code="2">rdacarrier</subfield>
  </datafield>
  <datafield tag="490" ind1="0" ind2=" ">
    <subfield code="a">Springer series in statistics</subfield>
  </datafield>
  <datafield tag="504" ind1=" " ind2=" ">
    <subfield code="a">Includes bibliographical references and index.</subfield>
  </datafield>
  <datafield tag="505" ind1="8" ind2=" ">
    <subfield code="a">Machine generated contents note: 1 Observational Studies -- 1.1 What Are Observational Studies?-- 1.2 Some Observational Studies-- 1.3 Purpose of This Book-- 1.4 Bibliographic Notes-- 1.5 References-- 2 Randomized Experiments -- 2.1 Introduction and Example: A Randomized Clinical Trial-- 2.2 The Lady Tasting Tea-- 2.3 Randomized Experiments-- 2.4 Testing the Hypothesis of No Treatment Effect-- 2.5 Simple Models for Treatment Effects-- 2.6 Confidence Intervals-- 2.7 Point Estimates-- 2.8 *More Complex Outcomes-- 2.9 *Appendix: Effect Increasing Tests Under Alternatives. -- 2.10 *Appendix: The Set of Treatment Assignments-- 2.11 Bibliographic Notes-- 2.12 Problems-- 2.13 References-- 3 Overt Bias in Observational Studies -- 3.1 Introduction: An Example and Planning Adjustments-- 3.2 Adjustments by Exact Stratification and Matching-- 3.3 Case-Referent Studies-- 3.4 *Small Sample Inference with an Unknown Propensity Score -- 3.5 *Large Sample Inference with an Unknown Propensity Score -- 3.6 *Inexact Matching Followed by Stratification-- 3.7 Bibliographic Notes-- 3.8 Problems -- 3.9 References-- 4 Sensitivity to Hidden Bias -- 4.1 What Is a Sensitivity Analysis?-- 4.2 A Model for Sensitivity Analysis-- 4.3 Matched Pairs-- 4.4 Sensitivity Analysis for Sign-Score Statistics-- 4.5 Multiple Controls and Continuous Responses-- 4.6 Sensitivity Analysis for Two Unmatched Groups-- 4.7 Appendix: Technical Results and Proofs-- 4.8 Bibliographic Notes-- 4.9 Problems-- 4.10 References -- 5 Models for Treatment Effects -- 5.1 Effects That Vary from Person to Person-- 5.2 Order Statistics-- 5.3 Dilated Effects-- 5.4 Instrumental Variables-- 5.5 Attributable Effects: Binary Responses-- 5.6 Attributable Effects: Displacements-- 5.7 Inference About a Quantile-- 5.8 Bibliographic Notes-- 5.9 Problems-- 5.10 Appendix: Minimum Wage Data-- 5.11 References-- 6 Known Effects -- 6.1 Detecting Hidden Bias Using Known Effects-- 6.2 An Outcome Known to Be Unaffected by the Treatment. -- 6.3 An Outcome With Known Direction of Effect-- 6.4 *The Behavior of T* with Nonnegative Effects-- 6.5 Bias of Known Direction-- 6.6 Bibliographic Notes-- 6.7 Problems -- 6.8 References-- 7 Multiple Reference Groups in Case-Referent Studies -- 7.1 Multiple Reference Groups-- 7.2 Matched Studies with Two Referent Groups-- 7.3 *Appendix: Selection and Hidden Bias-- 7.4 *Appendix: Derivation of Bounds for Sensitivity Analysis -- 7.5 Bibliographic Notes-- 7.6 Problems -- 7.7 References-- 8 Multiple Control Groups -- 8.1 The Role of a Second Control Group-- 8.2 Selecting Control Groups-- 8.3 Comparing Outcomes in Two Control Groups-- 8.4 Bibliographic Notes-- 8.5 Problems-- 8.6 References-- 9 Coherence and Focused Hypotheses -- 9.1 Coherent Associations-- 9.2 Signed Rank Statistics for Coherent Predictions-- 9.3 Example: Do Anesthetic Gases Cause Mutations?-- 9.4 *Properties of the Coherent Signed Rank Test-- 9.5 Some Other Forms of Coherence-- 9.6 Strengths and Limitations of Coherence-- 9.7 *Appendix: Arrangement-Increasing Functions of Matrices -- 9.8 Bibliographic Notes-- 9.9 Problems -- 9.10 References -- 10 Constructing Matched Sets and Strata -- 10.1 Introduction: Propensity Scores, Structures, Algorithms -- 10.2 The Propensity Score-- 10.3 Optimal Strata-- 10.4 Optimal Matching-- 10.5 Bibliographic Notes-- 10.6 Software-- 10.7 Problems-- 10.8 References-- 11 Planning an Observational Study -- 11.1 Introduction and Some Ground Rules-- 11.2 Three Observational Studies-- 11.3 Choice of Research Hypothesis-- 11.4 A Control Group-- 11.5 Defining Treated and Control Groups-- 11.6 Competing Theories-- 11.7 Internal Replication-- 11.8 Nondose Nonresponse: An Absent Association-- 11.9 Stability Analyses-- 11.10 Abrupt, Short-Lived Treatments-- 11.11 Natural Blocks-- 11.12 Refute Several Alternative Explanations-- 11.13 Bibliographic Notes-- 11.14 Problems-- 11.15 References-- 12 Some Strategic Issues -- 12.1 What Are Strategic Issues?-- 12.2 Some Specific Suggestions-- 12.3 References.</subfield>
  </datafield>
  <datafield tag="650" ind1=" " ind2="7">
    <subfield code="a">Experimental design.</subfield>
    <subfield code="2">BUEsh</subfield>
    <subfield code="9">6159</subfield>
  </datafield>
  <datafield tag="650" ind1=" " ind2="7">
    <subfield code="a">Analysis of variance.</subfield>
    <subfield code="2">BUEsh</subfield>
    <subfield code="9">6160</subfield>
  </datafield>
  <datafield tag="655" ind1=" " ind2=" ">
    <subfield code="v">Reading book</subfield>
  </datafield>
  <datafield tag="856" ind1="4" ind2="1">
    <subfield code="3">Table of contents</subfield>
    <subfield code="u">http://www.loc.gov/catdir/toc/fy031/2001049264.html</subfield>
  </datafield>
  <datafield tag="856" ind1="4" ind2="2">
    <subfield code="3">Publisher description</subfield>
    <subfield code="u">http://www.loc.gov/catdir/enhancements/fy0815/2001049264-d.html</subfield>
  </datafield>
  <datafield tag="906" ind1=" " ind2=" ">
    <subfield code="a">7</subfield>
    <subfield code="b">cbc</subfield>
    <subfield code="c">orignew</subfield>
    <subfield code="d">1</subfield>
    <subfield code="e">ocip</subfield>
    <subfield code="f">20</subfield>
    <subfield code="g">y-gencatlg</subfield>
  </datafield>
  <datafield tag="942" ind1=" " ind2=" ">
    <subfield code="2">ddc</subfield>
    <subfield code="c">BB</subfield>
  </datafield>
  <datafield tag="999" ind1=" " ind2=" ">
    <subfield code="c">11827</subfield>
    <subfield code="d">11827</subfield>
  </datafield>
  <datafield tag="952" ind1=" " ind2=" ">
    <subfield code="0">0</subfield>
    <subfield code="1">0</subfield>
    <subfield code="2">ddc</subfield>
    <subfield code="4">0</subfield>
    <subfield code="7">0</subfield>
    <subfield code="8">Alef-Baa</subfield>
    <subfield code="a">MAIN</subfield>
    <subfield code="b">MAIN</subfield>
    <subfield code="c">1ST</subfield>
    <subfield code="d">2009-06-14</subfield>
    <subfield code="e">Purchase</subfield>
    <subfield code="g">150.00</subfield>
    <subfield code="l">0</subfield>
    <subfield code="o">519.53 ROS</subfield>
    <subfield code="p">000016803</subfield>
    <subfield code="r">2025-07-15 00:00:00</subfield>
    <subfield code="w">2009-06-14</subfield>
    <subfield code="y">BB</subfield>
  </datafield>
  <datafield tag="952" ind1=" " ind2=" ">
    <subfield code="0">0</subfield>
    <subfield code="1">0</subfield>
    <subfield code="2">ddc</subfield>
    <subfield code="4">0</subfield>
    <subfield code="7">0</subfield>
    <subfield code="8">Alef-Baa</subfield>
    <subfield code="a">MAIN</subfield>
    <subfield code="b">MAIN</subfield>
    <subfield code="c">1ST</subfield>
    <subfield code="d">2009-06-24</subfield>
    <subfield code="e">Purchase</subfield>
    <subfield code="g">150.00</subfield>
    <subfield code="l">0</subfield>
    <subfield code="o">519.53 ROS</subfield>
    <subfield code="p">000017089</subfield>
    <subfield code="r">2025-07-15 00:00:00</subfield>
    <subfield code="w">2009-06-24</subfield>
    <subfield code="y">BB</subfield>
  </datafield>
</record>
